Songs by AP Dhillon - Statistics

General Stats
  • This quiz has been taken 6 times
  • The average score is 11 of 42
Answer Stats
Album/Single Song % Correct
Single Excuses
83%
Not by Chance Foreigns
50%
Not by Chance GOAT
50%
Single Majhail
50%
Hidden Gems MAJHE AALE
50%
Two Hearts Never Break The Same Summer High
50%
Single/Album Summer High
50%
Not by Chance Takeover
50%
Hidden Gems TERE TE
50%
Hidden Gems WAR
50%
Single Arrogant
33%
Not by Chance Chances
33%
Single Deadly
33%
Hidden Gems DESIRES
33%
Single Droptop
33%
Two Hearts Never Break The Same Final Thoughts
33%
Single Ma Belle
33%
Single Most Wanted
33%
Not by Chance Saada Pyaar
33%
Hidden Gems SPACESHIP
33%
Single Toxic
33%
First of a Kind (From the Amazon Original Series) With You
33%
Single/Album With You
33%
Hidden Gems AGAINST ALL ODDS
17%
Two Hearts Never Break The Same All Night (Live)
17%
Two Hearts Never Break The Same Dil Nu
17%
First of a Kind (From the Amazon Original Series) Lifestyle
17%
Single Sleepless
17%
Single Top Boy
17%
Single True Stories
17%
Not by Chance Drip
0%
Single Fake
0%
Not by Chance Fate
0%
Single Feels
0%
Single Free Smoke
0%
Two Hearts Never Break The Same Hills
0%
Single Hustlin'
0%
Single Kirsaan
0%
Single Problems Over Peace
0%
Single Real Talk
0%
First of a Kind (From the Amazon Original Series) Scars
0%
Two Hearts Never Break The Same Woo Nur
0%
No matching quizzes found
Score Distribution
Percent of People with Each Score
Percentile by Number Answered
Your Score History
You have not taken this quiz